CTET/TET: (Record no. 200434)
[ view plain ]
| 000 -LEADER | |
|---|---|
| fixed length control field | 00915nam a2200229 4500 |
| 005 - DATE AND TIME OF LATEST TRANSACTION | |
| control field | 20240129151248.0 |
| 010 ## - LCCN (DPL NO) | |
| LC control number | ENG-139073 |
| 020 ## - INTERNATIONAL STANDARD BOOK NUMBER | |
| Terms of availability | 350.00 |
| International Standard Book Number | 9789355322623 |
| 035 ## - SYSTEM CONTROL NUMBER | |
| System control number | EN-122605 |
| 037 ## - SOURCE OF ACQUISITION | |
| Source of stock number/acquisition | DBAD/PUB |
| 082 ## - DEWEY DECIMAL CLASSIFICATION NUMBER | |
| Classification number | 363.7 |
| Edition number | 2 |
| 100 ## - MAIN ENTRY--PERSONAL NAME | |
| Personal name | Prakash, Om |
| 245 ## - TITLE STATEMENT | |
| Title | CTET/TET: |
| Remainder of title | Environment Studies And Pedagogy (For Class I-V)/ |
| Statement of responsibility, etc | By Om Prakash; Bimla Prakash and Sunita |
| 250 ## - EDITION STATEMENT | |
| Edition statement | 2 |
| 260 ## - PUBLICATION, DISTRIBUTION, ETC. (IMPRINT) | |
| Place of publication, distribution, etc | Chennai |
| Name of publisher, distributor, etc | McGraw Hill Education |
| Date of publication, distribution, etc | 2023 |
| 270 ## - ADDRESS | |
| Address | Anjana Complex No: 5/90A, Butt Road, St. Thomas Mount, |
| City | Chennai |
| Postal code | 600016 |
| 300 ## - PHYSICAL DESCRIPTION | |
| Extent | Various pages |
| Dimensions | 24.5cm(pbk) |
| 500 ## - GENERAL NOTE | |
| General note | Subject- Wise Comprehensive Series Based on The Latest Examination Pattern <br/>* Includes Two Full-Length Mock Test Papers.<br/>* Includes Chapter- Wise Pedagogical Questions. |
| 700 ## - ADDED ENTRY--PERSONAL NAME | |
| Personal name | Prakash, Bimla |
| Relator term | Author |
| 9 (RLIN) | 61395 |
| 700 ## - ADDED ENTRY--PERSONAL NAME | |
| Personal name | Sunita |
| Relator term | Author |
| 9 (RLIN) | 61396 |
| 942 ## - ADDED ENTRY ELEMENTS (KOHA) | |
| Source of classification or shelving scheme | Dewey Decimal Classification |
| Item type | English Books |
| Classification part | 363.7 |
| Call number suffix | PRA |
| Edition | 2 |
| Withdrawn status | Lost status | Not for loan | Collection code | Home library | Current library | Date acquired | Source of acquisition | Cost, normal purchase price | Full call number | Barcode | Copy number | Cost, replacement price | Koha item type |
|---|---|---|---|---|---|---|---|---|---|---|---|---|---|
| Non-fiction | Sarojini Nagar | Sarojini Nagar | 29/01/2024 | DBAD/PUB | 370.00 | 363.7 PRA | EN-122605 | 1 | 370.00 | English Books |
